| 000 | 00630nam a2200193 i 4500 | ||
|---|---|---|---|
| 001 | 87549 | ||
| 003 | ES-MaACL | ||
| 005 | 20250825064037.0 | ||
| 007 | t| | ||
| 008 | 041222s1969 sp ||||1| spa d | ||
| 100 | 1 |
_aLabarta, Francisco. _969216 |
|
| 245 | 1 | 0 |
_aLata / _c[seud.] ; prólogo de Cesáreo Rodríguez Aguilera ; traducción y notas de José Mª Cadena. |
| 260 |
_a[Barcelona] : _bTaber, _c[1969] |
||
| 300 |
_a219 p. : _bil. ; _c28 cm. |
||
| 700 | 1 |
_aRodríguez Aguilera, Cesáreo. _998320 |
|
| 700 | 1 |
_aCadena, Josep M. _d1935- _9143876 |
|
| 852 |
_aES-MaACL _jC-37488 _bR.72308 |
||
| 999 |
_c87549 _d87549 |
||